Akustika v architektuře /

Gespeichert in:
Bibliographische Detailangaben
1. Verfasser: Kaňka, Jan (Verfasst von)
Format: Buch
Sprache:Tschechisch
Veröffentlicht: Praha : Vydavateľstvo ČVUT, 1996
Ausgabe:1. vydanie
Schlagworte:
Tags: Tag hinzufügen
Keine Tags, Fügen Sie das erste Tag hinzu!

MARC

LEADER 00000nam a22000003a 4500
001 0022486
003 SK-STU
005 20170306104829.0
007 ta
008 170306s ----xo-----e------000-0-----d
020 |a 80-01-01188-7 
040 |a STU  |b slo 
041 0 |a cze 
044 |a xr 
100 1 |a Kaňka, Jan  |4 aut 
245 1 0 |a Akustika v architektuře /  |c aut. Jan Kaňka 
250 |a 1. vydanie 
260 |a Praha :  |b Vydavateľstvo ČVUT,  |c 1996 
300 |a 64 s. 
650 0 7 |a stavebná fyzika 
996 |b 284AS03722  |c A* 10048/S  |l AAKNST  |s P  |a 0  |w 0022486_0001